Knižnica programov pre počítač GIER programy nachádzajúce sa v knižnici : ostatné programy

Bibliographic Details
Format: Book
Language:Slovak
English
Published: Bratislava SAV 1967
Subjects:

MARC

LEADER 00000cam a2200000 a 4500
001 vtls008340800
003 SK-MaSNL
005 20260301123213.0
008 230403s1967 xo 000 0 slo
015 |a SNBA1969/10-02055 
035 |a SK01SNK19690033017 
035 |a urn:nbn:sk:snk-amkx1s 
035 |a urn:nbn:sk:snk-am0082ij 
035 |a 9291501F-8203-42BB-AEF4-EFCB5D88E3D4 
035 |a SKM000035480 
040 |a SNK  |b slo  |c SNK  |e AACR2 
041 0 |a slo  |a eng 
044 |a xo  |c SK 
080 |a 519.68:681.3.06  |2 1981 
080 |a 681.3.06  |2 1981 
245 0 0 |a Knižnica programov pre počítač GIER  |b programy nachádzajúce sa v knižnici : ostatné programy 
246 3 0 |a Programy nachádzajúce sa v knižnici 
246 3 0 |a Ostatné programy 
260 |a Bratislava  |b SAV  |c 1967 
300 |a [1], 2, 66 s.  |c 4° 
546 |a Čiast. text. angl. 
650 0 7 |a počítače  |2 SNKPH  |9 2027 
650 0 7 |a GIER (počítačový program)  |2 SNKPH  |9 469855 
655 7 |a príručky  |2 SNKPH  |9 74364 
852 |a Slovenská národná knižnica 
954 |a odborná, vedecká literatúra pôvodná (slovenská)  |2 lita 
958 |a OND 
958 |a RM 
958 |a EUIPO 
999 |c 735430  |d 737360 
952 |a SNK  |b SNK  |y PREZ  |7 0  |p 17A0840608  |o snkSB 15469  |i snkKSP 7857/69  |0 0  |1 0  |4 0  |d 2014-12-22  |f 1  |l 0  |r 2025-03-17 00:00:00  |w 2026-02-23 
952 |a SNK  |b SNK  |y VYP  |7 0  |o snkSB 15469 D1  |i snkKSP 7858/69  |0 0  |1 0  |4 0  |d 2014-12-22  |l 0  |r 2026-02-23 22:42:49  |w 2026-02-23